Normal view
MARC view
- Neil Burton. Robert Smith
Entry Personal Name
001 - CONTROL NUMBER
- control field: 86327
003 - CONTROL NUMBER IDENTIFIER
- control field: OSt
005 - DATE AND TIME OF LATEST TRANSACTION
- control field: 20250521095625.0
008 - FIXED-LENGTH DATA ELEMENTS
- fixed length control field: 250521|| aca||aabn | a|a d
040 ## - CATALOGING SOURCE
- Original cataloging agency: OSt
- Transcribing agency: OSt
100 ## - HEADING--PERSONAL NAME
- Personal name: Neil Burton. Robert Smith
670 ## - SOURCE DATA FOUND
- Source citation: Work cat.: (OSt)48939: Brundett, Mark. 86325, Leadership in education / , 2006.